Statistics for Top NHL Players of the Decade

Click here to take the quiz!

General Stats

  • This quiz has been taken 93 times
  • The average score is 45 of 100

Answer Stats

RankHintAnswer% Correct
3CapitalsAlex Ovechkin
93%
7BruinsPatrice Bergeron
93%
9BlackhawksPatrick Kane
93%
27BruinsBrad Marchand
91%
15BlackhawksJonathan Toews
89%
8LightningSteven Stamkos
88%
2OilersConnor McDavid
86%
1PenguinsSidney Crosby
84%
4Senators/SharksErik Karlsson
82%
6PenguinsEvgeni Malkin
81%
24BruinsZdeno Chara
81%
14LightningNikita Kucherov
77%
10BlackhawksDuncan Keith
75%
45Auston MatthewsAuston Matthews
72%
5RangersHenrik Lundqvist
70%
40AvalancheNathan MacKinnon
70%
50BruinsTuukka Rask
70%
22CapitalsNicklas Backstrom
68%
35DucksRyan Getzlaf
68%
13KingsAnze Kopitar
67%
17KingsDrew Doughty
67%
29Islanders/Maple LeafsJohn Tavares
67%
12LightningVictor Hedman
67%
18FlyersClaude Giroux
65%
44BruinsDavid Pastrnak
65%
26CanadiensCarey Price
58%
36Ducks/StarsCorey Perry
58%
31StarsJamie Benn
58%
30Canadiens/Predators/DevilsP.K. Subban
58%
19Wild/SharksBrent Burns
56%
41CapitalsJohn Carlson
56%
51FlamesJohnny Gaudreau
56%
34KingsJonathan Quick
54%
11RedwingsPavel Datsyuk
54%
37SharksJoe Thornton
53%
43Bruins/StarsTyler Seguin
53%
23PenguinsKris Letang
51%
38Maple Leafs/Penguins/CoyotesPhil Kessel
51%
48Predators/CanadiensShea Weber
51%
32Oilers/Devils/CoyotesTaylor Hall
51%
42Penguins/Golden KnightsMarc-Andre Fleury
49%
93Maple LeafsMitch Marner
49%
57Red WingsHenrik Zetterberg
47%
98Flyers/Bruins/Stars/Devils/Panthers/FlamesJaromir Jagr
47%
81Sharks/Maple Leafs/SharksPatrick Marleau
46%
25BluesVladimir Tarasenko
46%
28CapitalsBraden Holtby
44%
64Blackhawks/Blue Jackets/RangersArtemi Panarin
42%
33Lightning/RangersMartin St. Louis
42%
47PredatorsPekka Rinne
42%
70Flames/Penguins/Avalanche/KingsJarome Iginla
40%
16FlamesMark Giordano
39%
54CanucksDaniel Sedin
37%
53CanucksHenrik Sedin
37%
21Flyers/Blue Jackets/PanthersSergei Bobrovsky
37%
87LightningAndrei Vasilevskiy
35%
79AvalancheGabriel Landeskog
35%
94ColoradoMikko Rantanen
35%
78BlackhawksCorey Crawford
33%
65Hurricanes/Rangers/WildEric Staal
33%
63PredatorsRoman Josi
33%
91Blues/CapitalsT.J. Oshie
33%
61BluesAlex Pietrangelo
32%
66OilersLeon Draisaitl
32%
82Devils/WildZach Parise
32%
58PanthersAleksander Barkov
30%
62Bruins/Thrashers/JetsBlake Wheeler
30%
72Blues/Senators/Lightning/Kings/StarsFilip Forsberg
30%
92JetsMark Scheifele
30%
83Blue Jackets/Rangers/BruinsRick Nash
30%
49SabresJack Eichel
28%
95DucksJohn Gibson
28%
39Senators/Golden KnightsMark Stone
28%
56Avalanche/Sabres/BluesRyan O'Reilly
28%
55Avalanche/Senators/Blue Jackets/Senators/PredatorsMatt Duchene
26%
59Bruins/Stars/PanthersTim Thomas
26%
99BruinsTorey Krug
26%
73BruinsBen Bishop
25%
85Flyers/Blue Jackets/KingsJeff Carter
25%
71PredatorsLogan Couture
25%
89WildMikko Koivu
25%
46Predators/WildRyan Suter
25%
100Capitals/Hurricanes/CanadiensAlexander Semin
23%
88Thrashers/Devils/KingsIlya Kovalchuk
23%
69Blue Jackets/FlyersJakub Voracek
23%
97Kings/Capitals/HurricanesJustin Williams
23%
52Canucks/PanthersRoberto Luongo
23%
90Rangers/LightningRyan McDonagh
23%
74BruinsDavid Krejci
21%
75Canadiens/Golden KnightsMax Pacioretty
21%
67Red Wings/BlackhawksMarian Hossa
19%
96Buffalo/Canadiens/Islanders/Wild/Panthers/Red Wings/Canucks/Blue Jackets/Red WingsThomas Vanek
16%
80Blackhawks/Thrashers/JetsDustin Byfuglien
14%
60SharksMarc-Edouard Vlasic
14%
86Rangers/Blue Jackets/Kings/SenatorsMarian Gaborik
12%
84CoyotesOliver Ekman-Larsson
12%
68Ducks/Maple LeafsFrederik Andersen
11%
77Coyotes/Rangers/PanthersKeith Yandle
9%
76PredatorsRyan Ellis
5%
20Sharks/StarsJoe Paveleski
0%

Score Distribution

Percentile by Number Answered

Percent of People with Each Score

Your Score History

You have not taken this quiz